000 00310nam a2200109 4500
999 _c9986
_d9986
008 180725b ||||| |||| 00| 0 eng d
245 _aUM-Tagum grad ranks livelihood services.
260 _aDavao City
_bSun Star Davao
_cc2017
300 _apage 13.
650 0 _929483
_aUniversity of Mindanao.
942 _2ddc
_cPER